00290pab a2200121 454500008004000000100002100040245003300061260000900094300001000103362001200113650002800125773001500153180718b1987 xxu||||| |||| 00| 0 eng d aJayawardena, Lal aA plan for resource transfer c1987 a143-5 a10 Oct. aJapan - Economic Policy aMainstream